| 000 | 00403nam a2200157 4500 | ||
|---|---|---|---|
| 001 | 126239 | ||
| 003 | ES-MaACL | ||
| 005 | 20230906192801.0 | ||
| 007 | t| | ||
| 008 | 070214s1921 fr r ||||1| fre d | ||
| 100 | 1 |
_aReboux, Paul. _995728 |
|
| 245 | 1 | 4 |
_aLes drapeaux _b: roman / _cPaul Reboux. |
| 260 |
_aParis : _bL. Maritheux, _c1921. |
||
| 300 |
_a2 v. ; _c18 cm. |
||
| 852 |
_aES-MaACL _jF-2856-57 |
||
| 999 |
_c126239 _d126239 |
||